01266nam a2200325 4500001000400000003000400004005001700008008004100025040000800066041001300074082001700087100003300104240002800137245008700165260003300252300001100285490001600296520042000312650002300732650002200755650001300777650001500790650003000805650001600835650001000851655001200861655001600873700003500889830001600924130OSt20250528074012.0250128b |||||||g |||| 00| 1 eng d bpor hengapor a823bC555cor1 aChristie, Agatha,d1890-1976 athe body in the library aUm corpo na biblioteca /cChristie, Agatha ; Tradução de Edilson Alkmin Cunha aRio de JaneirobRecordc1987 a199 p.1 aMiss Marple a"- Você quer dizer - perguntou o Coronel Bantry - que há um cadáver na minha biblioteca... na MINHA biblioteca?" Como o corpo de uma moça desconhecida fora parar na biblioteca dos Bantry? E por que teria ela sido assassinada? Miss Jane Marple, ligando acontecimentos triviais da aldeia com problemas mais graves, desvenda esse terrível mistério e responde a essas aparentemente insolúveis perguntas. 0aLiteratura Inglesa 0aRomance Policial  0aSuspense 0aMistério 0aCrime e Investigação  0aClássicos 0aFilme 0aRomance 0aFicção  aEdilson Alkmin CunhaeTradutor aMiss Marple